000 01138nam a2200313 i 4500
001 175651
003 ES-MaACL
005 20250818131151.0
007 t|
008 101115s1977 sp a 001 0 spa d
020 _a84-225-0164-3
020 _a84-225-0165-1
020 _a84-225-0166-X
080 _a581.6
080 _a615.3
100 1 _aManta, Danièle.
_9143928
245 1 0 _aNuestras amigas las plantas /
_ctexto de Danièle Manta y Diego Semolli ; asesor técnico: Giuseppe Alongi ; [traducido del italiano por Ester Sananes Venero y Consuelo Reyes Torrent].
260 _aMadrid :
_bCírculo de Amigos de la Historia,
_c1977.
300 _a3 v. :
_bil. ;
_c18 cm.
505 0 _a1. La salud a través de las plantas - 2. Vivir mejor gracias a las plantas - 3. Enciclopedia de las plantas
650 0 7 _aPlantas medicinales
_2embne
_916118
700 1 _aSemolli, Diego.
_9143930
700 1 _aAlongi, Giuseppe.
_9143929
700 1 _aSananes Venero, Ester .
_9160059
700 1 _aReyes Torrent, Consuelo.
_9143931
700 2 _a
_9241914
852 _aES-MaACL
_jE-13524-26
999 _c175651
_d175651